BoyWithUke Discography - Statistics

General Stats
  • This quiz has been taken 65 times
    38 since last reset
  • The average score is 6 of 9
Answer Stats
Answer % Correct
Burnout
88%
Melatonin Dreams
88%
Fever Dreams
79%
Serotonin Dreams
73%
Sick of U
70%
Antisocial
64%
Trouvaille
61%
Out Of Reach
55%
Faded
39%
No matching quizzes found
Score Distribution
Percent of People with Each Score
Percentile by Number Answered
Your Score History
You have not taken this quiz since the last reset